|
|
|
|
| LEADER |
00000nab a2200000 4500 |
| 001 |
vtls011761341 |
| 003 |
SK-MaSNL |
| 005 |
20260319070812.0 |
| 008 |
180611|2018 xo |||| || ||00 0|hun |
| 015 |
|
|
|a SNBRB2018/06
|
| 040 |
|
|
|a DSZK
|b slo
|c DSZK
|e rda
|
| 041 |
|
|
|a hun
|
| 043 |
|
|
|a e-xo---
|
| 044 |
|
|
|a xo
|c SK
|
| 072 |
|
7 |
|a 639.2/.6
|x Rybárstvo
|2 konspekt
|
| 080 |
|
|
|a 639.2
|x (437.612)
|2 2011
|
| 100 |
1 |
|
|a Lőrincz, Tamás
|4 aut
|4 pht
|9 1086843
|
| 245 |
1 |
0 |
|a Gyereknapi horgászverseny
|c kép és szöveg Lőrincz Tamás
|
| 300 |
|
|
|b Fotografie
|
| 336 |
|
|
|a text
|b txt
|2 rdacontent
|
| 337 |
|
|
|a bez média
|b n
|2 rdamedia
|
| 338 |
|
|
|a zväzok
|b nc
|2 rdacarrier
|
| 611 |
2 |
7 |
|a Rybárske preteky detí
|d (2018 :
|c Dolný Štál, Slovensko)
|2 dszk
|9 1086844
|
| 650 |
0 |
7 |
|a rybárske preteky
|2 dszk
|9 1086845
|
| 651 |
|
7 |
|a Dolný Štál (Slovensko)
|2 SNKPHgeo
|9 79250
|
| 773 |
0 |
|
|t Csallóköz
|g Évf. 58, sz. 23 (2018), o. 28
|x 1336-3638
|
| 958 |
|
|
|a SK
|
| 958 |
|
|
|a HU
|
| 999 |
|
|
|c 1787285
|d 1789215
|